LEADER 01413nam a2200313 a 4500 001 000000123007 003 CaOOAMICUS 005 20100916142238.0 008 100916t2007 vc u001 u ita r 020 $a978-88-465-0564-4 040 $aPUL$bita$dReb 082 04$a233.05 100 1 $aBortolotto, Ferruccio.$0(OLS)http://pul/name/77346 245 10$aChiamati per nome :$bil Battesimo, incontro con Cristo /$cFerruccio Bortolotto ; presentazione di Madre Anna Maria Cānopi, o.s.b. 260 $aCittā del Vaticano :$bLateran University Press,$c2007. 300 $a269 p. ;$c19 cm. 490 1 $aMane nobiscum ;$v08 504 $aBibliografia in nota. 650 4$aSpiritualitā.$0(OLS)http://pul/subject/843 650 4$aBattesimo.$0(OLS)http://pul/subject/1772 700 1 $aCānopi, Anna Maria.$0(OLS)http://pul/name/77019 830 0$aMane nobiscum ;$v08.$0(OLS)http://pul/title/119124 850 $aPUL 852 $aPUL$W1$xSL Religione 3$y85$m233. 05 COLL 1.8$j141283$qDDC 21$B140347$CPULBib$Z2$F140347 $H114802 $82 941 1 $a9 996 $6020$a978-88-465-0564-4$9(OLS)http://pul/number/145370 996 $6082$a233.05$9(OLS)http://pul/classification/728 996 $6245$aChiamati per nome :$bil Battesimo, incontro con Cristo$9(OLS)http://pul/title/155034 996 $6260$aCittā del Vaticano :$bLateran University Press$9(OLS)http://pul/publisher/74585 LEADER 01377nam a2200301 u 4500 001 000000106753 003 CaOOAMICUS 005 20070906155328.0 008 070906s1996 it u000 u ita u 020 $a88-10-40795-4 040 $aPUL$bita$dPG 100 1 $aPieraccini, Paolo.$0(OLS)http://pul/name/65562 245 10$aGerusalemme, luoghi santi e comunitā religiose nella politica internazionale /$cPaolo Pieraccini ; prefazione di Silvio Ferrari. 260 $aBologna :$bEdizioni Dehoniane,$cc1996. 300 $axi, 832 p. ;$c22 cm. 490 1 $aCollana di studi religiosi 500 $aContiene indici. 504 $aBibliografi: p.[757]-779. 651 4$aPalestina$xStoria.$0(OLS)http://pul/subject/14491 651 4$aIsraele$xStoria.$0(OLS)http://pul/subject/9266 700 1 $aFerrari, Silvio,$d1947-$0(OLS)http://pul/name/11587 830 0$aCollana di studi religiosi (Ed. Dehoniane).$0(OLS)http://pul/title/2812 850 $aPUL 852 $aPUL$W1$xSL Religione 1$y3$m1(4) C 29$j120753$qStampati$B119957$CPULBib$Z2$F119957 $H76839 $82 941 1 $a8 996 $6020$a88-10-40795-4$9(OLS)http://pul/number/135479 996 $6245$aGerusalemme, luoghi santi e comunitā religiose nella politica internazionale$9(OLS)http://pul/title/134402 996 $6260$aBologna :$bEdizioni Dehoniane$9(OLS)http://pul/publisher/48070